Ecología
Gespeichert in:
| 1. Verfasser: | |
|---|---|
| Format: | Buch |
| Sprache: | Spanisch |
| Veröffentlicht: |
Barcelona
Omega
1982
|
| Schlagworte: | |
| Tags: |
Tag hinzufügen
Keine Tags, Fügen Sie den ersten Tag hinzu!
|
MARC
| LEADER | 00000nam a2200000 a 4500 | ||
|---|---|---|---|
| 001 | UCX0303 | ||
| 003 | CL-VaPUC | ||
| 008 | 890925e19820000SP |||||||||||||||||spa|d | ||
| 082 | 0 | 4 | |a 577 |b MAR |2 21 |
| 100 | |a Margalef, Ramón |e autor |9 396130 | ||
| 245 | 1 | 0 | |a Ecología |
| 300 | |a 951 p | ||
| 942 | |c BK | ||
| 945 | |d 19890925 00:00:00 | ||
| 260 | |a Barcelona |b Omega |c 1982 | ||
| 650 | 0 | |a Ecología |9 258124 | |
| 583 | |a last modification |c 19890925 00:00:00 |k Rodrigo Vera | ||
| 999 | |c 221941 |d 221939 | ||
| 952 | |0 0 |1 0 |4 0 |6 577_000000000000000_MAR_1982 |7 0 |8 A |9 216027 |a BIBCUR |b BIBCUR |d 2019-11-15 |i 2846055 |o 577 MAR 1982 |p 2846055 |r 2025-04-22 |w 2019-11-15 |y BK |k BCB | ||
| 952 | |0 0 |1 0 |4 0 |6 577_000000000000000_MAR_1982 |7 0 |8 A |9 216028 |a BIBCUR |b BIBCUR |d 2019-11-15 |i 2846063 |o 577 MAR 1982 |p 2846063 |r 2025-04-22 |w 2019-11-15 |y BK |k BCB | ||
| 952 | |0 0 |1 0 |4 0 |6 577_000000000000000_MAR_1982 |7 0 |8 A |9 216029 |a BIBCUR |b BIBCUR |d 2019-11-15 |i 2846071 |o 577 MAR 1982 |p 2846071 |r 2025-04-22 |w 2019-11-15 |y BK |k BCB | ||